000 00761nam a22002177a 4500
005 20240530110907.0
008 220302s2007 ua g 000 0 ara d
017 _a2007/14871
_bمصر. دار الكتب
020 _a9772325802
040 _aEG-CaGPL
_cEG-CaGPL
082 0 4 _221
_a320.014/
_bف إ
100 0 _aفاروق ابو زيد
245 1 2 _aالاعلام والسلطة :
_bاعلام السلطة وسلطة الاعلام /
_cفاروق ابو زيد
250 _aط.1
260 _aالقاهرة :
_bعالم الكتب،
_c2007.
300 _a214 ص. ؛
_c24 سم.
650 0 7 _2qrmak
_aوسائل الاعلام
_xالجوانب السياسية
651 _2qrmak
942 _2ddc
_cBK
999 _c66244
_d66244